| 000 | 00821nam a2200289Ia 4500 | ||
|---|---|---|---|
| 001 | Para_7793 | ||
| 003 | CHAP | ||
| 008 | 220125s1925 xx 000 0 und d | ||
| 010 | _a206428 | ||
| 040 | _cCHAP | ||
| 082 | _aPA-C 595.75 H4 | ||
| 100 |
_aIshu, T. _9172736 |
||
| 245 |
_aNew encyrtinae from Japan / _c by T. Ishu |
||
| 260 |
_aYokohama, Japan : _b Department of Finance |
||
| 300 | _app. 21-30 | ||
| 440 |
_aHemíptera ; 6 : bulletin ; 3 _9172737 |
||
| 500 | _aEnc. con otros impresos similares | ||
| 650 |
_aHemípteros _x colecciones de escritos _9165786 |
||
| 650 |
_aHemípteros _x Japón _9172738 |
||
| 901 | _aPA-C 595.75 H4 | ||
| 902 | _aA | ||
| 905 | _a0000001925 0000000000 00 | ||
| 910 | _a1925 | ||
| 942 | _cPARA | ||
| 942 |
_cPARA _d1 |
||
| 999 |
_c206428 _d206428 |
||